000
00272nam a22001217a 4500
008
170324b xxu||||| |||| 00| 0 eng d
041
_a
eng
080
_a
615.82
100
_a
8
101
_a
SHM
245
_a
PRINCIPLES OF FISHERY SCIENCE
_c
EVERHART, W.H
942
_2
udc
_c
BK
999
_c
8585
_d
8585